| 000 | 00994nam a2200241 a 4500 | ||
|---|---|---|---|
| 001 | BRCA_1052 | ||
| 005 | 20190320203247.0 | ||
| 008 | 110408s2006----mx-o---###---#000-0#spa-# | ||
| 020 | _a9529878486 | ||
| 050 | 4 |
_aNK5198.S2 _b.T56 2006 |
|
| 245 | 1 | 0 |
_aTimo Sarpaneva _bThe Collection = la colección. |
| 260 |
_aMéxico _bDesign Museo _c2006 |
||
| 300 |
_a118 p. _bil. (algunas a color), fotografías _c26 cm. _e1 hoja suelta |
||
| 500 | _aCatálogo de la exposición realizada en el Museo Franz Mayer (Ciudad de México), 6 junio - 16 septiembre, 2006 | ||
| 500 | _aIncluye índice onomástico y glosario | ||
| 504 | _aBibliografía: p. 113 | ||
| 546 | _aTexto en : inglés y español | ||
| 600 | 1 | 4 |
_aSarpaneva, Timo _d1926- _vCatálogos _xProducción artística _93034 |
| 610 | 2 | 4 |
_aDesign Museo (Helsinki, Finlandia) _vCatálogos _xColecciones de diseño _93469 |
| 650 | 1 | 4 |
_aDiseñadores industriales _ySiglo XX _zFinlandia _93036 |
| 650 | 1 | 4 |
_aVidrio _ySiglo XX _zFinlandia _93470 |
| 942 |
_2lcc _cB |
||
| 999 |
_c931 _d931 |
||